书目信息 |
| 题名: |
免疫学教程
|
|
| 作者: | 高晓明 编著 | |
| 分册: | ||
| 出版信息: | 北京 高等教育出版社 2006 |
|
| 页数: | 315 | |
| 开本: | 26cm | |
| 丛书名: | ||
| 单 册: | ||
| 中图分类: | Q939.91 | |
| 科图分类: | ||
| 主题词: | 微生物学--应用 | |
| 电子资源: | ||
| ISBN: | 7-04-018528-8 | |
| 000 | 00528nam0 2200181 450 | |
| 001 | 0741144344 | |
| 005 | 20070817112544.34 | |
| 010 | @a7-04-018528-8@d¥46.00 | |
| 100 | @a20070817d km y0chiy0120 ea | |
| 101 | 0 | @achi |
| 200 | 1 | @a免疫学教程@Amian yi xue jiao cheng@f高晓明编著@Fgao xiao ming bian zhu |
| 210 | @a北京@c高等教育出版社@d2006 | |
| 215 | @a315@c彩图@d26cm | |
| 606 | 0 | @a微生物学@x应用 |
| 690 | @aQ939.91@v3 | |
| 701 | 0 | @a高晓明@Agao xiao ming@4编著 |
| 801 | 0 | @aCN@bPFT@c20070817 |
| 905 | @a213230@dQ939.91@en5@f1 | |
| 免疫学教程/高晓明编著.-北京:高等教育出版社,2006 |
| 315:彩图;26cm |
| ISBN 7-04-018528-8:¥46.00 |
| ● |
| 相关链接 |
|
|
|
|
正题名:免疫学教程
索取号:Q939.91/n5
 
预约/预借
| 序号 | 登录号 | 条形码 | 馆藏地/架位号 | 状态 | 备注 |
| 1 | 6601282 | 266012824 | 密集书库-生命科学系/ [索取号:Q939.91/n5] | 在馆 |